|
|
|
|
| LEADER |
00795cam a2200217 7i4500 |
| 001 |
0000021722 |
| 005 |
20110708090000.0 |
| 090 |
0 |
0 |
|a PHOT 381.1
|b MAL (CD)
|
| 110 |
2 |
0 |
|a Malaysia External Trade Development Corporation (MATRADE)
|
| 245 |
2 |
0 |
|a Launching INTRADE Malaysia 2007 ( 3 April 2007 : Menara MATRADE, Kuala Lumpur ).
|
| 300 |
# |
# |
|a 96 photographs:
|b col.;
|c CD-RW.
|
| 500 |
0 |
0 |
|a Photographs
|
| 650 |
0 |
0 |
|a Rafidah Aziz, Dato' Seri
|
| 650 |
0 |
0 |
|a Mohamad Kamarudin Hassan
|
| 650 |
0 |
0 |
|a Jamaludin Hussain
|
| 650 |
0 |
0 |
|a Noharuddin Nordin, Dato'
|
| 650 |
0 |
0 |
|a INTRADE Malaysia --
|x 2007
|
| 650 |
0 |
0 |
|a MATRADE --
|x Photograph collection --
|x 2009
|
| 650 |
0 |
0 |
|a Hashim Mohammad, Tan Sri Dato'
|
| 650 |
0 |
0 |
|a Wong Lai Sum, Dr
|
| 999 |
|
|
|a PC00000466
|b Photographs
|c Photographs
|e Business Information Centre
|